Statistics for south asia

Click here to take the quiz!

General Stats

  • This quiz has been taken 11 times
  • The average score is 7 of 8

Answer Stats

Answer% Correct
bangladesh
100%
bhutan
100%
india
100%
sri lanka
100%
nepal
89%
pakistan
89%
Afghanistan
78%
maldives
67%

Score Distribution

Percentile by Number Answered

Percent of People with Each Score

Your Score History

You have not taken this quiz